书目信息 |
| 题名: |
中国生态系统定位观测与研究数据集
|
|
| 作者: | 高美荣 , 朱波 , 陈宜瑜 主编 | |
| 分册: | 农田生态系统卷 | |
| 出版信息: | 北京 中国农业出版社 2021.12 |
|
| 页数: | 221页 | |
| 开本: | 29cm | |
| 丛书名: | ||
| 单 册: | ||
| 中图分类: | Q147 , S181.6-66 | |
| 科图分类: | ||
| 主题词: | 生态系--sheng tai xi--统计数据--中国 , 农田--nong tian--生态系--统计数据--盐亭县--2005-2015 | |
| 电子资源: | ||
| ISBN: | 978-7-109-28516-3 | |
| 000 | 01227nam 2200289 450 | |
| 001 | 27735 | |
| 005 | 20220921175517.67 | |
| 010 | @a978-7-109-28516-3@dCNY88.00 | |
| 100 | @a20220303d2021 em y0chiy50 ea | |
| 101 | 0 | @achi |
| 102 | @aCN@b110000 | |
| 105 | @aa a 000yy | |
| 200 | 1 | @a中国生态系统定位观测与研究数据集@Azhong guo sheng tai xi tong ding wei guan ce yu yan jiu shu ju ji@f丛书总主编陈宜瑜@i农田生态系统卷@i四川盐亭站@e2005-2015@f高美荣, 朱波主编 |
| 210 | @a北京@c中国农业出版社@d2021.12 | |
| 215 | @a221页@c图@d29cm | |
| 320 | @a有书目 | |
| 330 | @a本书主要内容包括5个部分: 盐亭站简介 ; 盐亭站观测和科研平台, 主要介绍样地、观测设施和主要仪器设备 ; 盐亭站长期联网监测数据, 包括水分、土壤、生物和气象生态要素数据 ; 部分长期试验监测和研究数据 ; 参考文献。具体包括: 概述 ; 方向定位等。 | |
| 517 | 1 | @a农田生态系统卷@Anong tian sheng tai xi tong juan |
| 606 | 0 | @a生态系@Asheng tai xi@x统计数据@y中国 |
| 606 | 0 | @a农田@Anong tian@x生态系@x统计数据@y盐亭县@z2005-2015 |
| 690 | @aQ147@v5 | |
| 690 | @aS181.6-66@v5 | |
| 701 | 0 | @a高美荣@Agao mei rong@4主编 |
| 701 | 0 | @a朱波@Azhu bo@4主编 |
| 701 | 0 | @a陈宜瑜@Achen yi yu@4主编 |
| 801 | 0 | @aCN@c20220910 |
| 905 | @a河南城建学院图书馆@dQ147@eG157@f2 | |
| 中国生态系统定位观测与研究数据集/丛书总主编陈宜瑜.农田生态系统卷.四川盐亭站:2005-2015/高美荣, 朱波主编.-北京:中国农业出版社,2021.12 |
| 221页:图;29cm |
| ISBN 978-7-109-28516-3:CNY88.00 |
| 本书主要内容包括5个部分: 盐亭站简介 ; 盐亭站观测和科研平台, 主要介绍样地、观测设施和主要仪器设备 ; 盐亭站长期联网监测数据, 包括水分、土壤、生物和气象生态要素数据 ; 部分长期试验监测和研究数据 ; 参考文献。具体包括: 概述 ; 方向定位等。 |
| ● |
| 相关链接 |
|
|
|
正题名:中国生态系统定位观测与研究数据集
索取号:Q147/G157
 
预约/预借
| 序号 | 登录号 | 条形码 | 馆藏地/架位号 | 状态 | 备注 |
| 1 | 1580070 | 215800701 | 自科库401/401自科库 26排1列2层/ [索取号:Q147/G157] | 在馆 | |
| 2 | 1580071 | 215800710 | 自科库401/401自科库 26排1列2层/ [索取号:Q147/G157] | 在馆 |